01690nam a2200265 a 450000100100000000500170001000800410002704000250006808200200009310000330011324502710014626000640041730000200048149000370050149000470053859000260058561000900061165000780070183000990077991000370087895201770091595201860109295201290127899900170140700002858620200930055026.0110411s1945 dr r 000 | spa d aDO-SdBNPbspacBNPHU a378.7293bS161d1 aSalazar, Joaquín E.95553810aDominicanismo y educación :bdiscurso de orden pronunciado en el acto académico celebrado con motivo de la investidura de graduandos y el 406 aniversario de la erección de la Universidad de Santo Domingo, el día 28 de octubre de 1944 /cJoaquín E. Salazar. aCiudad Trujillo, República Dominicana :bMontalvo,c1945. a20 p. ;c23 cm.1 aUniversidad de Santo Domingov321 aEdiciones del Centenario de la República aInventariado, 2018/VM14aUNIVERSIDAD AUTÓNOMA DE SANTO DOMINGOxHISTORIAvENSAYOS, CONFERENCIAS, ETC.955539 4aUniversidadeszRepública DominicanavENSAYOS, CONFERENCIAS, ETC.936567 0aUniversidad Autonóma de Santo Domingov32pEdiciones del Centenario de la República955540 aValidado. Control de calidad MFF 001050718RVaPDbPDcHDd2011-04-11iLF1l0o378.7293 S161dp28586-10r2020-06-25w2020-06-25y1zPerteneció a la biblioteca personal de Martínez Boog.ZNo se presta 001050718RVaPDbPDcHDd2011-05-30iLF1l0o378.7293 S161dp28586-20r2020-06-25te.2w2020-06-25y1zPerteneció a la biblioteca personal de Enrique de Marchena.ZNo se presta 001054708RVaPDbPDcHDd2018-09-05iLF1l0o378.7293 S161dp28586-30r2020-06-25te.3w2020-06-25y4ZPréstamo en sala c28078d28078